|
|
|
|
| LEADER |
04934cas a2200817 a 4500 |
| 001 |
c000151787 |
| 003 |
CARM |
| 005 |
20020205155217.0 |
| 008 |
831104c18689999ii xz f0 a0eng d |
| 010 |
|
|
|a 05042250
|
| 019 |
1 |
|
|a 2822557
|z 9104629
|5 LACONCORD2021
|
| 022 |
|
|
|a 0370-5226
|
| 030 |
|
|
|a RGSIA5
|
| 035 |
|
|
|a (OCoLC)1752790
|5 LACONCORD2021
|
| 040 |
|
|
|a LC
|b eng
|c LC
|d ANL-S
|
| 042 |
|
|
|a nsdp
|a lcd
|
| 043 |
|
|
|a a-ii---
|
| 050 |
0 |
0 |
|a QE295
|b .A6
|
| 210 |
0 |
|
|a Rec. Geol. Surv. India
|
| 222 |
|
0 |
|a Records of the Geological Survey of India
|
| 245 |
0 |
0 |
|a Records of the Geological Survey of India.
|
| 246 |
3 |
3 |
|a Geological Survey of India.
|p Records
|
| 246 |
3 |
1 |
|a Bharatiya Bhuvaij~nanika Sarvekshana ki abhilekha
|
| 246 |
3 |
4 |
|a Abhilekha
|f <v. 112, pt. 8>
|
| 260 |
|
|
|a Calcutta :
|b The Survey,
|c 1868-
|
| 300 |
|
|
|a v. :
|b ill. ;
|c 27 cm.
|
| 362 |
1 |
|
|a Began with v. 1, pt. 1 (June 1868).
|
| 500 |
|
|
|a Description based on: Vol. 37, pt. 4 (July 1909); title from cover.
|
| 500 |
|
|
|a Vols. for <1988-1989-> have also Hindi title: Bharatiya Bhuvaij~nanika Sarvekshana ki abhilekha.
|
| 500 |
|
|
|a Includes the Annual report of the Geological Survey of India, 1867-
|
| 510 |
2 |
|
|a Chemical abstracts
|x 0009-2258
|
| 510 |
2 |
|
|a GeoRef
|x 0197-7482
|
| 546 |
|
|
|a In English.
|
| 555 |
|
|
|a Vols. 1 (1868)-10 (1877), with v. 9-10; v. 1 (1868)-20 (1887), 1 v.; v. 21 (1887)-30 (1897), 1 v.; v. 1 (1868)-65 (1932), 1 v.
|
| 580 |
|
|
|a Amalgamated with the Memoirs of the Geological Survey of India, 1898-1903. Cf. v. 31, 1904, p. 1.
|
| 650 |
|
0 |
|a Geology
|z India
|x Periodicals.
|
| 650 |
|
0 |
|a Mines and mineral resources
|z India
|x Periodicals.
|
| 650 |
|
0 |
|a Earthquakes
|z India
|x Periodicals.
|
| 710 |
2 |
|
|a Geological Survey of India.
|
| 730 |
0 |
|
|a Memoirs of the Geological Survey of India.
|
| 780 |
0 |
0 |
|a Geological Survey of India.
|t Annual report of the Superintendent of the Geological Survey of India and of the Museum of Geology, Calcutta
|w (OCoLC)11073841
|
| 787 |
1 |
|
|t Memoirs of the Geological Survey of India.
|d Calcutta : Pub. by order of the Governor-General of India
|x 0369-0024
|y MGSIAI
|w (DLC)gs 15000555 //r854
|
| 852 |
8 |
|
|b CARM
|h A2:AG02E0
|i C03424
|p 0127929
|f SE
|
| 852 |
8 |
|
|b CARM
|h A2:AH23C5
|i D02707
|p 0127930
|f SE
|
| 852 |
8 |
|
|b CARM
|h A2:AH23C0
|i D02711
|p 0127931
|f SE
|
| 852 |
8 |
|
|b CARM
|h A2:AH29C2
|i D02714
|p 0127932
|f SE
|
| 852 |
8 |
|
|b CARM
|h A2:AH29C0
|i D02722
|p 0127933
|f SE
|
| 852 |
8 |
|
|b CARM
|h A2:AL15C2
|i D02725
|p 0127934
|f SE
|
| 852 |
8 |
|
|b CARM
|h A2:AH02E0
|i C03415
|p 0127935
|f SE
|
| 852 |
8 |
|
|b CARM
|h A2:AH14F0
|i C03487
|p 0127936
|f SE
|
| 852 |
8 |
|
|b CARM
|h A2:AH13D0
|i C03455
|p 0127937
|f SE
|
| 852 |
8 |
|
|b CARM
|h A2:AH04E0
|i C03448
|p 0127938
|f SE
|
| 852 |
8 |
|
|b CARM
|h A2:AH09C0
|i D02702
|p 0108601
|f SE
|
| 852 |
8 |
|
|b CARM
|h A2:AH09C0
|i D02701
|p 0108602
|f SE
|
| 852 |
8 |
|
|b CARM
|h A2:AL33C0
|i D02813
|p 0108603
|f SE
|
| 866 |
|
0 |
|a 1/3(1868/70)-4/6(1871/73),27(1895/97)-123(1990)
|
| 866 |
|
0 |
|a 1/3(1868/70)-4/6(1871/73),27(1895/97)-123(1990)
|
| 999 |
f |
f |
|i e050f08f-89e6-5808-98e4-c7c04b6e588c
|s 754470b5-de06-51b3-98ff-2a41691d19d9
|
| 952 |
f |
f |
|p Can circulate
|a CAVAL
|b CAVAL
|c CAVAL
|d CARM 1 Store
|e D02702
|f A2:AH09C0
|h Other scheme
|i book
|k 109:1(1982)-113:6(1983/84)
|m 0108601
|
| 952 |
f |
f |
|p Can circulate
|a CAVAL
|b CAVAL
|c CAVAL
|d CARM 1 Store
|e D02722
|f A2:AH29C0
|h Other scheme
|i book
|k 62(1929/30)-66(1932/33)
|m 0127933
|
| 952 |
f |
f |
|p Can circulate
|a CAVAL
|b CAVAL
|c CAVAL
|d CARM 1 Store
|e D02714
|f A2:AH29C2
|h Other scheme
|i book
|k 55(1923/24)-61(1928/29)
|m 0127932
|
| 952 |
f |
f |
|p Can circulate
|a CAVAL
|b CAVAL
|c CAVAL
|d CARM 1 Store
|e D02725
|f A2:AL15C2
|h Other scheme
|i book
|k 67(1933/34)-72(1937/38)
|m 0127934
|
| 952 |
f |
f |
|p Can circulate
|a CAVAL
|b CAVAL
|c CAVAL
|d CARM 1 Store
|e C03448
|f A2:AH04E0
|h Other scheme
|i book
|k 101/102(1970/72)-108(1977/83)
|m 0127938
|
| 952 |
f |
f |
|p Can circulate
|a CAVAL
|b CAVAL
|c CAVAL
|d CARM 1 Store
|e C03455
|f A2:AH13D0
|h Other scheme
|i book
|k 90(1962)-99/100(1967/75)
|m 0127937
|
| 952 |
f |
f |
|p Can circulate
|a CAVAL
|b CAVAL
|c CAVAL
|d CARM 1 Store
|e D02711
|f A2:AH23C0
|h Other scheme
|i book
|k 48(1917)-54(1922/23)
|m 0127931
|
| 952 |
f |
f |
|p Can circulate
|a CAVAL
|b CAVAL
|c CAVAL
|d CARM 1 Store
|e C03415
|f A2:AH02E0
|h Other scheme
|i book
|k 73(1938)-75:4(1940),75:6(1940)-77:9(1942),77:11(1942)-80(1954)
|m 0127935
|
| 952 |
f |
f |
|p Can circulate
|a CAVAL
|b CAVAL
|c CAVAL
|d CARM 1 Store
|e D02813
|f A2:AL33C0
|h Other scheme
|i book
|k 119:1(1989),122:2(1989)-122:7(1989),123:2(1990)-123:6(1990)
|m 0108603
|
| 952 |
f |
f |
|p Can circulate
|a CAVAL
|b CAVAL
|c CAVAL
|d CARM 1 Store
|e D02707
|f A2:AH23C5
|h Other scheme
|i book
|k 40(1910)-47(1916)
|m 0127930
|
| 952 |
f |
f |
|p Can circulate
|a CAVAL
|b CAVAL
|c CAVAL
|d CARM 1 Store
|e D02701
|f A2:AH09C0
|h Other scheme
|i book
|k 114:1(1984/86)-118:2(1987)
|m 0108602
|
| 952 |
f |
f |
|p Can circulate
|a CAVAL
|b CAVAL
|c CAVAL
|d CARM 1 Store
|e C03424
|f A2:AG02E0
|h Other scheme
|i book
|k 1/3(1868/70)-4/6(1871/73),28/30(1895/97)-39(1910)
|m 0127929
|
| 952 |
f |
f |
|p Can circulate
|a CAVAL
|b CAVAL
|c CAVAL
|d CARM 1 Store
|e C03487
|f A2:AH14F0
|h Other scheme
|i book
|k 81(1949/53)-88/89(1958/62)
|m 0127936
|